000 00673nam a22001937a 4500
005 20100927122930.0
008 100927t xxu||||| |||| 00| 0 eng d
020 _a8123745141
_c25.00
035 _aB-165931
082 _aS
100 _aMurthi, R K
_921951
245 _aThe great balloon story /
_cby R K Murthi ; illustrated by Amitava Sengupta
260 _aNew Delhi
_bNational Book Trust
_c2005
300 _a95p.
_bill.
_c17cm (pbk)
500 _aIncludes bibliographical references
700 _aSengupta, Amitava
_921952
942 _2ddc
_cCH
_hS
_mMUR
999 _c47812
_d47812